| 000 | 01175nam a22002657a 4500 | ||
|---|---|---|---|
| 001 | 9915 | ||
| 003 | FISKH | ||
| 005 | 20260316154247.0 | ||
| 008 | 260316b cb ||||| |||| 00| 0 eng d | ||
| 020 | _a1366901X | ||
| 040 |
_aFISKH _beng _cFISKH _dFISKH |
||
| 082 | _a421 | ||
| 100 | _aErrera , Eglal | ||
| 245 |
_aAlphabet battle / _cStory inspired by Jewish legend , written by Eglal Errera with the help of Louma Errera : Illustrated by Giulia Orecchia |
||
| 260 |
_aMontrouge , France : _bBayard Presses , _c2019 . |
||
| 300 |
_a50 pages : _bcolor illustrations ; _c23 cm . |
||
| 490 | _aStory Box : More than a book ! | ||
| 505 | _aL | ||
| 520 | _aAlphabet Battle is a playful children’s story about letters that argue over who should be first in the alphabet. Each letter explains why it is important, leading to a funny “battle.” In the end, the letters agree that A will be the first letter. The book helps young readers learn about the alphabet in a fun and imaginative way. | ||
| 521 | 8 |
_a550
_bLexile estimate |
|
| 521 | 8 |
_aL
_bRaz-Plus |
|
| 700 |
_aOrecchia , Giulia _eIllustrated |
||
| 942 |
_2ddc _cBK _n0 |
||
| 999 |
_c9915 _d9915 |
||